جس ر ز ق سے آ تی ہو پر و ا ز ميں کو تا ہی (Record no. 172735)

MARC details
000 -LEADER
fixed length control field 00621nam a22001817a 4500
005 - DATE AND TIME OF LATEST TRANSACTION
control field 20200212114455.0
010 ## - LCCN (DPL NO)
LC control number 508023
020 ## - INTERNATIONAL STANDARD BOOK NUMBER
Terms of availability 50.00
International Standard Book Number -
035 ## - SYSTEM CONTROL NUMBER
System control number 508023
037 ## - SOURCE OF ACQUISITION
Source of stock number/acquisition BPPD
100 ## - MAIN ENTRY--PERSONAL NAME
Personal name محمد ا يو ب خا ن
245 ## - TITLE STATEMENT
Title جس ر ز ق سے آ تی ہو پر و ا ز ميں کو تا ہی
Statement of responsibility, etc محمد ا يو ب خا ن
246 ## - VARYING FORM OF TITLE
Title proper/short title Jis Rizq Se Aati Ho Parvaz main Kotahi
Remainder of title By Mohd.Ayub Khan
260 ## - PUBLICATION, DISTRIBUTION, ETC. (IMPRINT)
Place of publication, distribution, etc Pakistan
Name of publisher, distributor, etc Oxford University Press
Date of publication, distribution, etc 1969
270 ## - ADDRESS
Address N/06,Gulbarg 2
City Lahore
Postal code -
Telephone number -
Fax number -
Electronic mail address -
300 ## - PHYSICAL DESCRIPTION
Extent 430 ص
Dimensions 21 Cm.(P.b)
942 ## - ADDED ENTRY ELEMENTS (KOHA)
Source of classification or shelving scheme Dewey Decimal Classification
Item type Urdu Bks
Classification part 921
Call number suffix م ح م
Holdings
Withdrawn status Lost status Not for loan Collection code Home library Current library Date acquired Source of acquisition Cost, normal purchase price Full call number Barcode Copy number Cost, replacement price Koha item type
      Non-fiction Central Library Central Library 12/02/2020 BPPD/Ven. 50.00 921 م ح م 508023. 1 50.00 Urdu Bks

© Delhi Public Library
Hit Counter
free hit counter